• 首页
  • 本馆介绍
  • 公告通知
  • 最新文献
  • 馆藏检索
  • 电子资源
  • 读者导购
  • 参考咨询
  • 我的图书馆
  • 登录
  • 详细信息显示
  • 放入我的书架
  • 预约/预借图书
  • 作者相关作品
  • 分类相关作品
  • 丛书相关作品
  • 出版社相关作品

书目信息

  • 表格格式
  • 工作单格式
  • 卡片格式
题名:
正说二十五史系列
    
 
作者: 齐丹青 主编 ;马夫 编著
分册:   史前·夏·商·西周
出版信息: 北京   海潮出版社  2013
页数: 10, 260页
开本: 23cm
丛书名:
单 册:
中图分类: K204.2 , K220.5
科图分类:
主题词: 中国历史--古代史--纪传体 , 历史事件--中国--古代
电子资源:
ISBN: 978-7-5157-0391-6
000 00925nam0 2200265 450
001 339027
005 20150604152318.71
010    @a978-7-5157-0391-6@dCNY35.00
100    @a20131008d2013 em y0chiy50 ea
101 0  @achi
102    @aCN@b110000
105    @aa z 000yy
106    @ar
200 1  @a正说二十五史系列@Azheng shuo er shi wu shi xi lie@i史前·夏·商·西周@i事件卷@f齐丹青主编@g马夫编著
210    @a北京@c海潮出版社@d2013
215    @a10, 260页@c图@d23cm
330    @a本书以《史记》为骨干史料, 辅以《国语》、《世本》、《春秋》、《左传》、《竹书纪年》、《吕氏春秋》等史料典籍, 介绍了史前、夏、商、西周这段时期的历史事件。
606 0  @a中国历史@x古代史@j纪传体
606 0  @a历史事件@y中国@z古代
690    @aK204.2@v5
690    @aK220.5@v5
701  0 @a齐丹青@Aqi dan qing@c(历史研究)@4主编
702  0 @a马夫@Ama fu@c(历史)@4编著
801  0 @aCN@b卓展宏图@c20150525
905    @dK204.2@e121@f5
    
    正说二十五史系列.史前·夏·商·西周.事件卷/齐丹青主编/马夫编著.-北京:海潮出版社,2013
    10, 260页:图;23cm
    
    
    ISBN 978-7-5157-0391-6:CNY35.00
    本书以《史记》为骨干史料, 辅以《国语》、《世本》、《春秋》、《左传》、《竹书纪年》、《吕氏春秋》等史料典籍, 介绍了史前、夏、商、西周这段时期的历史事件。
●
相关链接 在E读中查询图书 在五车中查询图书 在当当中查询图书 在豆瓣中查询图书


正题名:正说二十五史系列     索取号:K204.2/121         预约/预借

序号 登录号 条形码 馆藏地/架位号 状态 备注
1 859006   208590069   第二样本阅览室/ [索取号:K204.2/121] 在馆    
2 859007   208590078   密集书库-史法系/ [索取号:K204.2/121] 在馆    
3 859008   208590087   第二借阅区/ [索取号:K204.2/121] 在馆    
4 859009   208590096   第二借阅区/ [索取号:K204.2/121] 在馆    
5 859010   208590103   第二借阅区/ [索取号:K204.2/121] 在馆    
唐山师范学院图书馆 欢迎您!
大连网信软件有限公司© 版权所有